| 000 | nam a22 7a 4500 | ||
|---|---|---|---|
| 999 |
_c234881 _d234881 |
||
| 005 | 20170331161350.0 | ||
| 008 | 170331b xxu||||| |||| 00| 0 eng d | ||
| 040 | _c. | ||
| 082 | _aBB-484 | ||
| 100 | _aK. J Miller | ||
| 245 |
_aThe Behaviour OF Short Fatigue Cracks / _cK. J Miller |
||
| 260 |
_aCambridge _bEGF Pub _c1986. |
||
| 300 |
_a560 p. ; _c24 cm. |
||
| 942 |
_2ddc _cBK |
||